|
|
|
|
| LEADER |
00000nbm0a2200000 4500 |
| 001 |
179125 |
| 005 |
20231101223444.0 |
| 035 |
|
|
|a (RuTPU)RU\TPU\book\194186
|
| 035 |
|
|
|a RU\TPU\book\194184
|
| 090 |
|
|
|a 179125
|
| 100 |
|
|
|a 20100415j20100303k y0rusy50 ca
|
| 101 |
0 |
|
|a rus
|
| 102 |
|
|
|a RU
|
| 105 |
|
|
|a a m 001zy
|
| 200 |
1 |
|
|a Мониторинг искрения тяговых электрических машин постоянного тока
|e диссертация на соискание ученой степени кандидата технических наук
|e спец. 05.09.01
|f А. А. Осадченко
|g Томский политехнический университет (ТПУ) ; науч. рук. О. Л. Рапопорт
|
| 210 |
|
|
|a Томск
|d 2010
|
| 215 |
|
|
|a 175 л.
|c ил.
|
| 300 |
|
|
|a Защищена 3.03.2010 г.
|
| 320 |
|
|
|a Библиогр.: с. 133-143 (101 назв.).
|
| 606 |
1 |
|
|a Электродвигатели постоянного тока, тяговые
|2 stltpush
|3 (RuTPU)RU\TPU\subj\19914
|9 45077
|
| 610 |
1 |
|
|a тяговые электрические машины
|
| 610 |
1 |
|
|a искрение
|
| 610 |
1 |
|
|a индикация
|
| 610 |
1 |
|
|a машины постоянного тока
|
| 610 |
1 |
|
|a математическое моделирование
|
| 610 |
1 |
|
|a контроль
|
| 610 |
1 |
|
|a устройства контроля
|
| 610 |
1 |
|
|a мониторинг
|
| 610 |
1 |
|
|a диссертации
|
| 610 |
1 |
|
|a труды учёных ТПУ
|
| 675 |
|
|
|a 621.333(04)
|v 3
|
| 686 |
|
|
|a 05.09.01
|2 oksvnk
|
| 700 |
|
1 |
|a Осадченко
|b А. А.
|c специалист в области электроэнергетики
|c старший преподаватель Томского политехнического университета
|f 1981-
|g Александр Александрович
|2 stltpush
|3 (RuTPU)RU\TPU\pers\31327
|
| 702 |
|
1 |
|a Рапопорт
|b О. Л.
|c специалист в области электротехники
|c доцент Томского политехнического университета, кандидат технических наук
|f 1946-
|g Олег Лазаревич
|2 stltpush
|3 (RuTPU)RU\TPU\pers\25687
|4 727
|9 11598
|
| 712 |
0 |
2 |
|a Томский политехнический университет (ТПУ)
|c (1991- )
|2 stltpush
|3 (RuTPU)RU\TPU\col\376
|
| 801 |
|
1 |
|a RU
|b 63413507
|c 20100415
|
| 801 |
|
2 |
|a RU
|b 63413507
|c 20191115
|g RCR
|
| 942 |
|
|
|c BK
|